Descendants - Ways to be wicked (all lyrics) - Statistics

General Stats
  • This quiz has been taken 86 times
    75 since last reset
  • The average score is 313 of 391
Answer Stats
Answer % Correct
a
98%
E
98%
I
98%
W
98%
be
95%
C
95%
the
95%
to
95%
way
95%
ways
95%
all
93%
D
93%
we
93%
K
93%
We
93%
we
93%
got
90%
in
90%
my
90%
so
88%
wicked
88%
evil
86%
is
86%
on
86%
lost
83%
many
83%
of
83%
party
83%
there's
83%
you
83%
guess
81%
us
81%
crashin'
79%
invitation
79%
live
79%
want
79%
with
79%
bone
76%
hear
76%
it
76%
right
76%
they
76%
voice
76%
We're
76%
we're
76%
what
76%
own
74%
show
74%
side
74%
take
74%
wrong
74%
your
74%
Bad
71%
bad
71%
bit
71%
friendly
71%
head
71%
kind
71%
and
69%
ever
69%
fun
69%
her
69%
mother
69%
persuasion
69%
reminder
69%
some
69%
this
69%
best
67%
get
67%
like
67%
little
67%
lives
67%
long
67%
after
64%
always
64%
Happily
64%
having
64%
knows
64%
can
62%
could
62%
gonna
62%
looks
62%
overrated
62%
steal
62%
told
62%
change
60%
come
60%
even
60%
fairy
60%
flavor
60%
leave
60%
only
60%
place
60%
worse
60%
apple
57%
bite
57%
em
57%
every
57%
intentions
57%
let's
57%
pass
57%
story's
57%
tale
57%
bold
55%
oh
55%
real
55%
test
55%
wanna
55%
beat
52%
defenseless
52%
misbehavior
52%
activated
50%
much
50%
raise
50%
try
50%
voices
50%
better
48%
back
45%
book
45%
dip
45%
doesn't
45%
tick
45%
treasure
45%
just
43%
passage
43%
attention
40%
class
40%
getting
40%
by
38%
life
38%
session
38%
dark
36%
finally
36%
time
33%
gotta
31%
taking
26%
control
24%
unusual
21%
cruel
17%
No matching quizzes found
Score Distribution
Percent of People with Each Score
Percentile by Number Answered
Your Score History
You have not taken this quiz since the last reset